000 00870nam a22003137a 4500
001 BR2014005437
003 BR-BrBNA
005 20230928104457.0
007 ta
008 230509b bl.||||| |||| 00| 0 por d
040 _aBR-BrBNA
_bpor
_cBiblioteca Nacional de Agricultura
041 _a(Por)
072 _aT01
090 _ T01 BR2014005437
100 1 _aAzevedo, F.A. de (ed.)
100 1 _aChasin, A.A. da M.
110 1 _aIntertox, São Paulo, SP (Brasil)
_96623
245 1 _aAs bases toxicológicas da ecotoxicologia
260 3 _aSão Paulo, SP (Brasil):
_bRima,
_c2003.
300 _a322 p.
500 _aIncludes several bibliographies; 66 illus.; 54 tables
650 _aTOXICOLOGIA
650 _aPOLUIÇÃO
650 _aMEIO AMBIENTE
650 _aSOLO
650 _aALIMENTO
909 _a202309
_bLucia
_c55
_dLucia Elande
942 _cBK
999 _c80136
_d80136